[Event "ENCI Limburg-open C"]
[Site "Maastricht"]
[Date "2012.05.27"]
[Round "4"]
[White "Vossen, Martijn"]
[Black "Cios, Maciej"]
[Result "1-0"]
[WhiteElo "1656"]
[BlackElo "1528"]
[PlyCount "85"]
[EventDate "2012.05.25"]
[EventType "swiss"]
[EventRounds "7"]
[EventCountry "NED"]
[Source "P.Boonen"]
[SourceDate "2013.01.01"]

1. e4 e5 2. Nf3 Nc6 3. d4 exd4 4. Bc4 Bb4+ 5. c3 dxc3 6. bxc3 Be7 7. Qd5 Nh6 8.
Bxh6 O-O 9. Bg5 d6 10. Nbd2 Bxg5 11. Qxg5 Qxg5 12. Nxg5 Ne5 13. Ngf3 Re8 14.
Nxe5 dxe5 15. O-O Be6 16. Rfd1 Rad8 17. Bxe6 Rxe6 18. Nc4 Rde8 19. Ne3 Kf8 20.
Rab1 b6 21. f3 c6 22. Rd7 R6e7 23. Rbd1 b5 24. Nf5 Rxd7 25. Rxd7 g6 26. Nd6 Re7
27. Rxe7 Kxe7 28. Nb7 Kd7 29. Kf2 Kc7 30. Nc5 Kb6 31. Nd7+ Kc7 32. Nxe5 f6 33.
Nd3 Kb6 34. Ke2 c5 35. Kd2 c4 36. Nf4 a5 37. Nd5+ Kc5 38. a3 f5 39. Kc2 fxe4
40. fxe4 Kd6 41. Kd2 Ke5 42. Ke3 b4 43. cxb4 1-0

[Event "ENCI Limburg-open C"]
[Site "Maastricht"]
[Date "2012.05.27"]
[Round "4"]
[White "Weerts, Rene"]
[Black "Lemmens, Paul"]
[Result "1-0"]
[WhiteElo "1560"]
[BlackElo "1333"]
[PlyCount "53"]
[EventDate "2012.05.25"]
[EventType "swiss"]
[EventRounds "7"]
[EventCountry "NED"]
[Source "P.Boonen"]
[SourceDate "2013.01.01"]

1. d4 f5 2. Nf3 Nf6 3. c3 g6 4. Bf4 Bg7 5. Nbd2 d6 6. Qb3 Nbd7 7. Ng5 Nf8 8.
Qf7+ Kd7 9. Qxg7 Rg8 10. Qh6 Ng4 11. Qh3 h6 12. Nf7 Qe8 13. Ne5+ dxe5 14. dxe5
Ne6 15. Qd3+ Kc6 16. Qf3+ Kb6 17. Nc4+ Kc5 18. O-O-O Qc6 19. b4+ Kb5 20. Rd5+
Qxd5 21. Qxd5+ c5 22. Nb2 Rd8 23. a4+ Kb6 24. Nc4+ Kc7 25. Nd6 Nxf4 26. Nb5+
Kb6 27. Qxd8+ 1-0

[Event "ENCI Limburg-open C"]
[Site "Maastricht"]
[Date "2012.05.27"]
[Round "5"]
[White "Arns, Danny"]
[Black "Bratuszewski, Jorden"]
[Result "1/2-1/2"]
[WhiteElo "1530"]
[BlackElo "1623"]
[PlyCount "42"]
[EventDate "2012.05.25"]
[EventType "swiss"]
[EventRounds "7"]
[EventCountry "NED"]
[Source "P.Boonen"]
[SourceDate "2013.01.01"]

1. e4 d6 2. d4 Nf6 3. Nc3 g6 4. f4 Bg7 5. Nf3 Bg4 6. Be3 Nbd7 7. e5 Ng8 8. Be2
e6 9. Qd2 d5 10. h3 Bxf3 11. Bxf3 Nb6 12. b3 Ne7 13. g4 c6 14. Rg1 Bh6 15. Nd1
Qc7 16. Nb2 O-O-O 17. Nd3 Kb8 18. a4 Nd7 19. Qb4 Bf8 20. Qd2 Rg8 21. Ke2 Bh6
1/2-1/2

[Event "ENCI Limburg-open C"]
[Site "Maastricht"]
[Date "2012.05.27"]
[Round "5"]
[White "Been, Klaas"]
[Black "Oxener, Aldo"]
[Result "0-1"]
[WhiteElo "1738"]
[BlackElo "1513"]
[PlyCount "94"]
[EventDate "2012.05.25"]
[EventType "swiss"]
[EventRounds "7"]
[EventCountry "NED"]
[Source "P.Boonen"]
[SourceDate "2013.01.01"]

1. d4 Nf6 2. Nf3 e6 3. e3 c5 4. Bd3 cxd4 5. exd4 d5 6. Nbd2 Bb4 7. c3 Bd6 8.
O-O O-O 9. Re1 Nbd7 10. Ne5 Qc7 11. f4 Ne8 12. Qg4 f5 13. Qh3 Rf6 14. Ndf3 Rh6
15. Qg3 Ndf6 16. Ng5 Bxe5 17. fxe5 Nh5 18. Qf3 Qe7 19. h4 Bd7 20. Nh3 f4 21.
Bxf4 Nxf4 22. Qxf4 Qxh4 23. Qxh4 Rxh4 24. Kh2 Nc7 25. Kg3 Rh6 26. Rh1 Rf8 27.
Nf4 Rxh1 28. Rxh1 g6 29. b3 b5 30. Rc1 Kf7 31. c4 bxc4 32. bxc4 Rb8 33. cxd5
Nxd5 34. Nxd5 exd5 35. Rc7 Ke6 36. Rxa7 Rb4 37. Ra6+ Ke7 38. Kf3 Rxd4 39. Ke3
Rxd3+ 40. Kf4 Rd2 41. Kf3 d4 42. a4 d3 43. Ra7 Ke6 44. g4 Ra2 45. a5 d2 46. Ke2
Bb5+ 47. Kd1 Ba4+ 0-1

[Event "ENCI Limburg-open C"]
[Site "Maastricht"]
[Date "2012.05.27"]
[Round "5"]
[White "Beukema, Christiaan"]
[Black "Calje, Ming Dao"]
[Result "1-0"]
[WhiteElo "1146"]
[BlackElo "800"]
[PlyCount "65"]
[EventDate "2012.05.25"]
[EventType "swiss"]
[EventRounds "7"]
[EventCountry "NED"]
[Source "P.Boonen"]
[SourceDate "2013.01.01"]

1. e4 e5 2. Nf3 Nc6 3. Bc4 Bc5 4. Nc3 d6 5. h3 Nf6 6. d3 h6 7. O-O Be6 8. Bd5
Qd7 9. Bxe6 fxe6 10. Be3 Bb6 11. Qd2 O-O-O 12. Bxb6 cxb6 13. a3 d5 14. Rfd1
Rhf8 15. b4 d4 16. b5 Ne7 17. Nxe5 Qc7 18. Nc4 dxc3 19. Qxc3 Rd7 20. Rab1 Rfd8
21. a4 Nxe4 22. Qxg7 Nf5 23. Qb2 Nc5 24. g4 Nd6 25. Ne5 Rh7 26. d4 Nd7 27. Rd3
Nxe5 28. dxe5 Nc4 29. Rxd8+ Kxd8 30. Qd4+ Ke7 31. Qd3 Nxe5 32. Qxh7+ Kd6 33.
Rd1+ 1-0

[Event "ENCI Limburg-open C"]
[Site "Maastricht"]
[Date "2012.05.27"]
[Round "5"]
[White "Beukema, Constantijn"]
[Black "Hoornstra, Ischa"]
[Result "0-1"]
[WhiteElo "800"]
[BlackElo "983"]
[PlyCount "90"]
[EventDate "2012.05.25"]
[EventType "swiss"]
[EventRounds "7"]
[EventCountry "NED"]
[Source "P.Boonen"]
[SourceDate "2013.01.01"]

1. e4 c5 2. Nf3 d6 3. Nc3 Nf6 4. Bc4 Bg4 5. Bd3 Nc6 6. O-O Ne5 7. h3 Nxf3+ 8.
Kh1 Bxh3 9. Qxf3 Bg4 10. Qg3 e6 11. Bb5+ Ke7 12. e5 dxe5 13. Qxe5 Rc8 14. Ne4
Qc7 15. Qxc7+ Rxc7 16. Nxf6 Kxf6 17. d3 a6 18. f3 Bh5 19. Bc4 g5 20. Be3 Bg6
21. Bd2 Bd6 22. Bc3+ Be5 23. Rae1 Bxc3 24. bxc3 h5 25. Re2 b5 26. Bb3 a5 27. a4
b4 28. cxb4 cxb4 29. c4 bxc3 30. Rc1 Bxd3 31. Re3 Rd8 32. Rd1 c2 33. Bxc2 Rxc2
34. Rexd3 Rxd3 35. Rxd3 Rc4 36. Ra3 g4 37. fxg4 hxg4 38. Kh2 Ke5 39. Re3+ Re4
40. Rxe4+ Kxe4 41. Kg3 f5 42. Kh4 Kf4 43. Kh5 Kg3 44. Kg5 Kxg2 45. Kf4 Kf2 0-1

[Event "ENCI Limburg-open C"]
[Site "Maastricht"]
[Date "2012.05.27"]
[Round "5"]
[White "Boer, Jan"]
[Black "Hong, Jeffrey"]
[Result "1-0"]
[WhiteElo "1730"]
[BlackElo "1119"]
[PlyCount "57"]
[EventDate "2012.05.25"]
[EventType "swiss"]
[EventRounds "7"]
[EventCountry "NED"]
[Source "P.Boonen"]
[SourceDate "2013.01.01"]

1. d4 g6 2. c4 Nf6 3. Nc3 Bg7 4. e4 d6 5. f4 O-O 6. Be2 c5 7. d5 e6 8. Nf3 exd5
9. cxd5 Re8 10. Nd2 Nbd7 11. O-O a6 12. a4 Nf8 13. Bf3 Bd7 14. Re1 h5 15. h3
Bh6 16. Nc4 b5 17. Nxd6 Re7 18. e5 Ne8 19. Nde4 bxa4 20. d6 Re6 21. Nxc5 Qb6
22. Bxa8 Qxc5+ 23. Be3 Qb4 24. Qd2 Ng7 25. Nd5 Qb8 26. Nc7 Nf5 27. Bf3 Nxe3 28.
Qxe3 Qxb2 29. Rab1 1-0

[Event "ENCI Limburg-open C"]
[Site "Maastricht"]
[Date "2012.05.27"]
[Round "5"]
[White "Cios, Maciej"]
[Black "Kalkman de Koster, Franzke"]
[Result "1/2-1/2"]
[WhiteElo "1528"]
[BlackElo "1623"]
[PlyCount "120"]
[EventDate "2012.05.25"]
[EventType "swiss"]
[EventRounds "7"]
[EventCountry "NED"]
[Source "P.Boonen"]
[SourceDate "2013.01.01"]

1. e4 c5 2. Nf3 Nc6 3. d4 cxd4 4. Nxd4 d6 5. Nc3 a6 6. Nxc6 bxc6 7. Be3 Nf6 8.
h3 e5 9. Be2 Be7 10. Qd2 d5 11. exd5 cxd5 12. Bg5 d4 13. Bxf6 Bxf6 14. Ne4 Be7
15. O-O Rb8 16. b3 O-O 17. c3 Bb7 18. Ng3 Bc5 19. cxd4 Bxd4 20. Rad1 Qb6 21.
Nf5 Bc5 22. Qg5 Qg6 23. Qxg6 hxg6 24. Ng3 Rfe8 25. Bc4 Rbd8 26. Ne2 e4 27. Nc3
e3 28. fxe3 Bxe3+ 29. Kh1 Kh7 30. Rxf7 Rxd1+ 31. Nxd1 Bg5 32. Rxb7 Re1+ 33. Kh2
Rxd1 34. Rf7 Bf6 35. Rxf6 gxf6 36. Bxa6 Kg7 37. a4 Kf7 38. Bc4+ Ke7 39. a5 Rd7
40. a6 Ra7 41. b4 Kd6 42. b5 Kc7 43. Bd5 Kb6 44. Bc6 Re7 45. Kg3 Re5 46. h4 Re7
47. Kg4 Re5 48. g3 Re3 49. Kf4 Re5 50. Be4 g5+ 51. hxg5 Rxg5 52. Bc6 Rc5 53. g4
Ka7 54. Ke4 Rg5 55. Bd7 Re5+ 56. Kd4 Kb6 57. Bc6 Rg5 58. Ke4 Rxg4+ 59. Kf5 Rg7
60. Kxf6 Rc7 1/2-1/2

[Event "ENCI Limburg-open C"]
[Site "Maastricht"]
[Date "2012.05.27"]
[Round "5"]
[White "Conte, Roberto"]
[Black "Roemhild, Wolfgang"]
[Result "0-1"]
[WhiteElo "1368"]
[BlackElo "1691"]
[PlyCount "64"]
[EventDate "2012.05.25"]
[EventType "swiss"]
[EventRounds "7"]
[EventCountry "NED"]
[Source "P.Boonen"]
[SourceDate "2013.01.01"]

1. e4 e5 2. Nc3 Nc6 3. f4 d6 4. Nf3 f6 5. Bc4 Nge7 6. O-O Bg4 7. d3 Nd4 8. f5
c6 9. Ne2 Nxf3+ 10. gxf3 Qb6+ 11. Kh1 Bh3 12. Rg1 O-O-O 13. Be6+ Kc7 14. Rg3
Bxf5 15. exf5 g6 16. f4 gxf5 17. Be3 c5 18. Nc3 Qc6+ 19. Kg1 d5 20. fxe5 fxe5
21. Qe2 f4 22. Bxf4 exf4 23. Qe5+ Rd6 24. Rg5 Bh6 25. Qxh8 Rxe6 26. Re5 Rg6+
27. Kf1 Re6 28. Nxd5+ Nxd5 29. Qxh7+ Kb6 30. Rxe6 Qxe6 31. Qe4 Qh3+ 32. Qg2
Ne3+ 0-1

[Event "ENCI Limburg-open C"]
[Site "Maastricht"]
[Date "2012.05.27"]
[Round "5"]
[White "De Coninck, Erik"]
[Black "Schoffelen, Jan"]
[Result "1-0"]
[WhiteElo "1389"]
[BlackElo "1359"]
[PlyCount "31"]
[EventDate "2012.05.25"]
[EventType "swiss"]
[EventRounds "7"]
[EventCountry "NED"]
[Source "P.Boonen"]
[SourceDate "2013.01.01"]

1. c4 e5 2. g3 Nf6 3. Bg2 c6 4. e3 Be7 5. Ne2 O-O 6. O-O d5 7. b3 Be6 8. d3
Nbd7 9. Nbc3 dxc4 10. bxc4 Rb8 11. a4 Bb4 12. Qc2 Qe7 13. f4 exf4 14. gxf4 Bg4
15. h3 Qxe3+ 16. Bxe3 1-0

[Event "ENCI Limburg-open C"]
[Site "Maastricht"]
[Date "2012.05.27"]
[Round "5"]
[White "De Lange, Gerard"]
[Black "Chappin, Rene"]
[Result "1/2-1/2"]
[WhiteElo "1630"]
[BlackElo "1592"]
[PlyCount "131"]
[EventDate "2012.05.25"]
[EventType "swiss"]
[EventRounds "7"]
[EventCountry "NED"]
[Source "P.Boonen"]
[SourceDate "2013.01.01"]

1. d4 Nf6 2. c4 c5 3. d5 b5 4. cxb5 a6 5. bxa6 Bxa6 6. Nc3 g6 7. g3 Bg7 8. Bg2
d6 9. e3 Nbd7 10. Nge2 O-O 11. O-O Qb6 12. Re1 Rfb8 13. Qc2 Ne5 14. Rd1 Nc4 15.
Nf4 Nd7 16. Na4 Qa5 17. Rb1 Bc8 18. b3 Ncb6 19. Bd2 Qa7 20. Nxb6 Rxb6 21. a4
Rab8 22. a5 R6b7 23. Nd3 Ra8 24. b4 cxb4 25. Rxb4 Rc7 26. Rc4 Rxc4 27. Qxc4 Ba6
28. Qb3 Bxd3 29. Qxd3 Nc5 30. Qb5 Rb8 31. Qc6 Nb3 32. Rb1 Nxd2 33. Rxb8+ Qxb8
34. Qb6 Qc8 35. h3 Qc1+ 36. Kh2 Qe1 37. e4 Nc4 38. Qb8+ Bf8 39. a6 Qxf2 40. Qb1
Bg7 41. Qf1 Bd4 42. h4 Qxf1 43. Bxf1 Nd2 44. Bd3 Nf3+ 45. Kh3 h5 46. Bb5 f6 47.
g4 hxg4+ 48. Kxg4 Ne5+ 49. Kf4 Kg7 50. Be2 Bf2 51. Bf1 Kh6 52. Be2 Nd7 53. Kf3
Bxh4 54. Bb5 Nb6 55. a7 Be1 56. Bc6 Kh5 57. a8=Q Nxa8 58. Bxa8 Kh4 59. Bc6 Kg5
60. Bd7 Bc3 61. Be6 Bd4 62. Bd7 Be5 63. Be6 f5 64. exf5 gxf5 65. Bg8 Kf6 66.
Be6 1/2-1/2

[Event "ENCI Limburg-open C"]
[Site "Maastricht"]
[Date "2012.05.27"]
[Round "5"]
[White "De Lange, Marieke"]
[Black "Calje, Adrey"]
[Result "0-1"]
[WhiteElo "1223"]
[BlackElo "1032"]
[PlyCount "48"]
[EventDate "2012.05.25"]
[EventType "swiss"]
[EventRounds "7"]
[EventCountry "NED"]
[Source "P.Boonen"]
[SourceDate "2013.01.01"]

1. d4 d5 2. c4 e5 3. cxd5 Qxd5 4. Nf3 Nc6 5. Nc3 Qd6 6. dxe5 Qxd1+ 7. Nxd1 Bc5
8. e3 Bg4 9. Bb5 Nge7 10. Ng5 O-O-O 11. Bd2 Nxe5 12. O-O Rxd2 13. Nc3 Rxb2 14.
Rab1 Rxb1 15. Rxb1 a6 16. Ba4 f6 17. Nge4 Ba7 18. h3 Bf5 19. Re1 Rd8 20. f4 Nd3
21. Re2 Nc1 22. Re1 Nxa2 23. g4 Nxc3 24. Nxc3 Bd7 0-1

[Event "ENCI Limburg-open C"]
[Site "Maastricht"]
[Date "2012.05.27"]
[Round "5"]
[White "De Ridder, Gertie"]
[Black "Van Dael, Siem"]
[Result "0-1"]
[WhiteElo "1121"]
[BlackElo "1127"]
[PlyCount "70"]
[EventDate "2012.05.25"]
[EventType "swiss"]
[EventRounds "7"]
[EventCountry "NED"]
[Source "P.Boonen"]
[SourceDate "2013.01.01"]

1. e4 e5 2. Nf3 Nc6 3. Nc3 Nf6 4. Bb5 d6 5. d3 Be7 6. Be3 Bg4 7. Qd2 O-O 8.
O-O-O Qd7 9. Nd5 a6 10. Nxe7+ Qxe7 11. Bxc6 bxc6 12. h3 Bh5 13. g4 Bg6 14. Rhg1
h6 15. h4 h5 16. Bg5 Qe6 17. Bxf6 Qxa2 18. c3 Rab8 19. b4 Qa1+ 20. Kc2 Qa4+ 21.
Kb2 c5 22. Ra1 Qb5 23. Rgb1 cxb4 24. cxb4 gxf6 25. g5 a5 26. Rxa5 Qxa5 27. Kc1
Qa3+ 28. Kd1 fxg5 29. Nxg5 c5 30. b5 Qa4+ 31. Qc2 Qxc2+ 32. Kxc2 f5 33. f3 fxe4
34. fxe4 d5 35. Rg1 Rf2+ 0-1

[Event "ENCI Limburg-open C"]
[Site "Maastricht"]
[Date "2012.05.27"]
[Round "5"]
[White "De Ridder, Yulian"]
[Black "Kaiser, Anton"]
[Result "1/2-1/2"]
[WhiteElo "1137"]
[BlackElo "1192"]
[PlyCount "100"]
[EventDate "2012.05.25"]
[EventType "swiss"]
[EventRounds "7"]
[EventCountry "NED"]
[Source "P.Boonen"]
[SourceDate "2013.01.01"]

1. e4 c5 2. Nf3 Nc6 3. Bc4 e6 4. Nc3 a6 5. a4 g6 6. d4 cxd4 7. Nxd4 Bg7 8. Nxc6
bxc6 9. Qd3 Nf6 10. b4 Ng4 11. b5 axb5 12. Bb3 d5 13. exd5 cxd5 14. Nxb5 Bxa1
15. Qg3 Ne5 16. c3 O-O 17. Qxe5 Bd7 18. Bh6 f6 19. Qe3 Re8 20. Nd6 Re7 21. Qc1
Bxa4 22. Bxa4 Rxa4 23. Qc2 Qxd6 24. Qxa4 Bxc3+ 25. Kd1 Qd7 26. Qf4 Qc7 27. Qa4
Ba5 28. Qd4 Qc3 29. Qxc3 Bxc3 30. Kc2 Rc7 31. Rb1 Be5+ 32. Kd1 Rc8 33. f4 Bd6
34. Rb7 Bf8 35. Bxf8 Rxf8 36. Re7 e5 37. fxe5 fxe5 38. Rxe5 Rd8 39. Kd2 Kf7 40.
Kd3 Kf6 41. Kd4 h5 42. Rxd5 Rxd5+ 43. Kxd5 Kf5 44. Kd4 Kf4 45. Kd3 h4 46. Ke2
g5 47. Kf2 Kg4 48. Kg1 Kf4 49. Kf2 g4 50. g3+ hxg3+ 1/2-1/2

[Event "ENCI Limburg-open C"]
[Site "Maastricht"]
[Date "2012.05.27"]
[Round "5"]
[White "Dedoncker, Pieter"]
[Black "Wilde, Christian"]
[Result "1-0"]
[WhiteElo "1106"]
[BlackElo "1185"]
[PlyCount "73"]
[EventDate "2012.05.25"]
[EventType "swiss"]
[EventRounds "7"]
[EventCountry "NED"]
[Source "P.Boonen"]
[SourceDate "2013.01.01"]

1. e4 c5 2. Nf3 Nc6 3. Bc4 e6 4. Nc3 d6 5. d3 Nge7 6. Be3 g6 7. O-O Bg7 8. Qd2
O-O 9. Bh6 d5 10. exd5 exd5 11. Bb3 d4 12. Ne4 b6 13. Bxg7 Kxg7 14. Qg5 Be6 15.
Ne5 Nxe5 16. Qxe5+ Kg8 17. Nf6+ Kg7 18. Ne8+ Kh6 19. Qf4+ g5 20. Qf6+ Ng6 21.
Qg7+ Kh5 22. f3 Rh8 23. Nf6+ Qxf6 24. Qxf6 Bxb3 25. axb3 Rhe8 26. Rfe1 Rxe1+
27. Rxe1 b5 28. Qxf7 Kh6 29. Re6 a5 30. f4 gxf4 31. Qxf4+ Kg7 32. Qf6+ Kh6 33.
Ra6 Rc8 34. Ra7 Rh8 35. Ra6 a4 36. Qf4+ Kh5 37. g4+ 1-0

[Event "ENCI Limburg-open C"]
[Site "Maastricht"]
[Date "2012.05.27"]
[Round "5"]
[White "Dekens, Joop"]
[Black "De Bruin, Joost"]
[Result "0-1"]
[WhiteElo "1594"]
[BlackElo "1729"]
[PlyCount "64"]
[EventDate "2012.05.25"]
[EventType "swiss"]
[EventRounds "7"]
[EventCountry "NED"]
[Source "P.Boonen"]
[SourceDate "2013.01.01"]

1. d4 Nf6 2. c4 c5 3. Nf3 e6 4. Nc3 d5 5. cxd5 exd5 6. dxc5 Bxc5 7. e3 O-O 8.
g3 Re8 9. Ne2 Nc6 10. Bg2 Bf5 11. O-O Qb6 12. Ned4 Be4 13. Nxc6 bxc6 14. Nd4
Bg6 15. a3 a5 16. Qa4 Bxd4 17. Qxd4 c5 18. Qa4 Be4 19. Rd1 Bxg2 20. Kxg2 Ne4
21. b4 Nc3 22. bxc5 Qe6 23. Qd4 Nxd1 24. Qxd1 Qc6 25. Bb2 d4+ 26. Kg1 dxe3 27.
fxe3 Qxc5 28. Bd4 Qf5 29. Rc1 Rac8 30. Rxc8 Rxc8 31. Qa4 Rc1+ 32. Kg2 Qf1# 0-1

[Event "ENCI Limburg-open C"]
[Site "Maastricht"]
[Date "2012.05.27"]
[Round "5"]
[White "Deniz, Patrick"]
[Black "Chang, Hawkie"]
[Result "0-1"]
[WhiteElo "800"]
[BlackElo "1581"]
[PlyCount "64"]
[EventDate "2012.05.25"]
[EventType "swiss"]
[EventRounds "7"]
[EventCountry "NED"]
[Source "P.Boonen"]
[SourceDate "2013.01.01"]

1. e4 c5 2. Nc3 e6 3. Nf3 d5 4. Bb5+ Bd7 5. d3 Bxb5 6. Nxb5 Qa5+ 7. Nc3 d4 8.
Bd2 dxc3 9. Bxc3 Qc7 10. O-O Nc6 11. d4 Rd8 12. d5 e5 13. dxc6 Rxd1 14. Rfxd1
Qxc6 15. Nxe5 Qe6 16. Rd5 Nf6 17. Rd3 Be7 18. f3 O-O 19. Kf2 c4 20. Rd2 Bb4 21.
Bxb4 Qb6+ 22. Ke2 Qxb4 23. b3 Qc3 24. Rad1 Qxe5 25. bxc4 Qxh2 26. Rd8 Qxg2+ 27.
Ke3 Qg5+ 28. Kf2 Nxe4+ 29. fxe4 Rxd8 30. Re1 Qf4+ 31. Kg2 Rd2+ 32. Kh3 Rh2# 0-1

[Event "ENCI Limburg-open C"]
[Site "Maastricht"]
[Date "2012.05.27"]
[Round "5"]
[White "Dijkhuis, Oele"]
[Black "Dols, Jos"]
[Result "1/2-1/2"]
[WhiteElo "988"]
[BlackElo "1571"]
[PlyCount "65"]
[EventDate "2012.05.25"]
[EventType "swiss"]
[EventRounds "7"]
[EventCountry "NED"]
[Source "P.Boonen"]
[SourceDate "2013.01.01"]

1. e4 c5 2. Nf3 Nc6 3. d4 cxd4 4. Nxd4 e6 5. Nc3 Bb4 6. Nxc6 Bxc3+ 7. bxc3 bxc6
8. Qd4 Qf6 9. e5 Qd8 10. Qg4 g6 11. Bg5 Qa5 12. Qd4 Qd5 13. Bc4 Qxd4 14. cxd4
Ne7 15. Bf6 Rg8 16. O-O Nd5 17. Bxd5 cxd5 18. Rab1 d6 19. exd6 Kd7 20. Be7 Ba6
21. Rfe1 Rgc8 22. Rb2 Rab8 23. Reb1 Rxb2 24. Rxb2 Rc6 25. h3 Rb6 26. Rxb6 axb6
27. g3 Bc8 28. Kf1 Kc6 29. Ke2 Kb5 30. Kd3 Bd7 31. Kc3 Ka4 32. Kb2 Kb4 33. c3+
1/2-1/2

[Event "ENCI Limburg-open C"]
[Site "Maastricht"]
[Date "2012.05.27"]
[Round "5"]
[White "Dijksman, Sebastiaan"]
[Black "Beissel, Daniel"]
[Result "1/2-1/2"]
[WhiteElo "1654"]
[BlackElo "1611"]
[PlyCount "61"]
[EventDate "2012.05.25"]
[EventType "swiss"]
[EventRounds "7"]
[EventCountry "NED"]
[Source "P.Boonen"]
[SourceDate "2013.01.01"]

1. d4 Nf6 2. c4 e6 3. Nc3 Bb4 4. Qc2 c5 5. e3 Nc6 6. Nf3 O-O 7. a3 Bxc3+ 8.
Qxc3 cxd4 9. exd4 Ne4 10. Qc2 Qa5+ 11. Bd2 Nxd2 12. Qxd2 Qxd2+ 13. Kxd2 d5 14.
cxd5 exd5 15. Bd3 f6 16. Rhe1 Bg4 17. Bb5 Bxf3 18. Bxc6 Bxg2 19. Bxb7 Rab8 20.
Re7 Rf7 21. Rxf7 Kxf7 22. Bc6 Rxb2+ 23. Ke3 Rb3+ 24. Ke2 Bf3+ 25. Kd2 Be4 26.
a4 a5 27. Rc1 Rd3+ 28. Ke2 Rxd4 29. f3 Bf5 30. Rc5 Kg6 31. Rxd5 1/2-1/2

[Event "ENCI Limburg-open C"]
[Site "Maastricht"]
[Date "2012.05.27"]
[Round "5"]
[White "Halfhide, Sebastian"]
[Black "Heuts, Guido"]
[Result "1-0"]
[WhiteElo "1119"]
[BlackElo "1374"]
[PlyCount "89"]
[EventDate "2012.05.25"]
[EventType "swiss"]
[EventRounds "7"]
[EventCountry "NED"]
[Source "P.Boonen"]
[SourceDate "2013.01.01"]

1. e4 c6 2. d4 d5 3. exd5 cxd5 4. c4 Nf6 5. Nc3 e6 6. Bg5 Be7 7. Nf3 Nc6 8. Be2
a6 9. a3 O-O 10. O-O h6 11. Be3 Qc7 12. Rc1 Bd6 13. h3 dxc4 14. Bxc4 e5 15.
dxe5 Nxe5 16. Nxe5 Bxe5 17. Ba2 Bh2+ 18. Kh1 Be5 19. Qe2 Qe7 20. Rfe1 Qd7 21.
Bb1 b5 22. Ne4 Nxe4 23. Bxe4 Bb7 24. Red1 Qe6 25. Bc5 Qf6 26. Bxb7 Rfe8 27.
Bxa8 Rxa8 28. Rc2 Qf4 29. g3 Qf5 30. Kh2 h5 31. b4 h4 32. Rcd2 Qg5 33. Qf3
hxg3+ 34. fxg3 Kh7 35. Be3 Qg6 36. Bf4 Re8 37. Bxe5 Rxe5 38. Rd5 Qc2+ 39. R1d2
Qc6 40. Qd3+ g6 41. Rxe5 Qc1 42. Rh5+ Kg7 43. Qd4+ f6 44. Qa7+ Kg8 45. Rd8# 1-0

[Event "ENCI Limburg-open C"]
[Site "Maastricht"]
[Date "2012.05.27"]
[Round "5"]
[White "Havenith, Julia"]
[Black "Heman, Frans"]
[Result "1/2-1/2"]
[WhiteElo "1377"]
[BlackElo "1550"]
[PlyCount "51"]
[EventDate "2012.05.25"]
[EventType "swiss"]
[EventRounds "7"]
[EventCountry "NED"]
[Source "P.Boonen"]
[SourceDate "2013.01.01"]

1. e4 e6 2. d4 c5 3. c3 d5 4. exd5 exd5 5. Be3 c4 6. Nf3 Nc6 7. Be2 Nf6 8. Nbd2
Be6 9. O-O Be7 10. b3 b5 11. Qc2 Qd7 12. Rab1 Bf5 13. Qb2 Bxb1 14. Rxb1 Rb8 15.
Bf4 Bd6 16. Ne5 Bxe5 17. dxe5 Qf5 18. exf6 Qxf4 19. fxg7 Rg8 20. Bf3 Rxg7 21.
Re1+ Kd7 22. Bxd5 Qg5 23. Be4 Rb6 24. Bxc6+ Rxc6 25. g3 Re6 26. Rxe6 1/2-1/2

[Event "ENCI Limburg-open C"]
[Site "Maastricht"]
[Date "2012.05.27"]
[Round "5"]
[White "Helsen, Roger"]
[Black "De Ruyter, Wim"]
[Result "0-1"]
[WhiteElo "1556"]
[BlackElo "1681"]
[PlyCount "112"]
[EventDate "2012.05.25"]
[EventType "swiss"]
[EventRounds "7"]
[EventCountry "NED"]
[Source "P.Boonen"]
[SourceDate "2013.01.01"]

1. d4 d5 2. Nf3 Nf6 3. Bf4 e6 4. e3 Nbd7 5. Bd3 c5 6. O-O c4 7. Be2 Ne4 8. Qe1
Ndf6 9. h3 Be7 10. c3 O-O 11. Nbd2 Bd7 12. Nxe4 Nxe4 13. Nd2 Nd6 14. Bxd6 Bxd6
15. b3 b5 16. bxc4 bxc4 17. e4 Qa5 18. exd5 exd5 19. Nf3 Rfe8 20. Qd2 Qc7 21.
Qc2 Bf4 22. Rfe1 Re6 23. Bf1 g5 24. g3 Bd6 25. Rxe6 fxe6 26. Nxg5 Bc8 27. Re1
Bxg3 28. Bg2 Qe7 29. Nxe6 Bh4 30. Bxd5 Kh8 31. Qe4 Rb8 32. Qe5+ Qf6 33. Qxf6+
Bxf6 34. Bxc4 Rb2 35. Nc5 Bxh3 36. Ne4 Bh4 37. Ng3 Rc2 38. Re3 Bg5 39. Rd3 Bf4
40. Kh2 Bf1 41. Rf3 Bxg3+ 42. Kxg3 Bxc4 43. a3 Ra2 44. a4 Rxa4 45. Rf8+ Kg7 46.
Rc8 a5 47. Kf4 Bf7 48. Ke5 Ra2 49. f4 Re2+ 50. Kd6 h5 51. c4 h4 52. c5 h3 53.
c6 h2 54. c7 h1=Q 55. Rg8+ Bxg8 56. c8=Q Qh6+ 0-1

[Event "ENCI Limburg-open C"]
[Site "Maastricht"]
[Date "2012.05.27"]
[Round "5"]
[White "Hoferichter, Michael"]
[Black "Slangen Knuit, Dien"]
[Result "1-0"]
[WhiteElo "1188"]
[BlackElo "1117"]
[PlyCount "91"]
[EventDate "2012.05.25"]
[EventType "swiss"]
[EventRounds "7"]
[EventCountry "NED"]
[Source "P.Boonen"]
[SourceDate "2013.01.01"]

1. d4 d5 2. Nf3 e6 3. e3 Nf6 4. Bd3 Be7 5. Nbd2 O-O 6. c3 c6 7. e4 dxe4 8. Nxe4
Nbd7 9. Nxf6+ Nxf6 10. h4 h6 11. Rh3 e5 12. Nxe5 Bxh3 13. gxh3 Qd5 14. f3 Bd6
15. Bf4 Rfe8 16. Qe2 Nh5 17. Be4 Qe6 18. Qh2 f5 19. Bc2 Qf6 20. Bb3+ Kh7 21.
O-O-O Qxh4 22. Bd2 Ng3 23. Rg1 f4 24. Bc2+ g6 25. Nxg6 Ne2+ 26. Qxe2 Rxe2 27.
Nxh4+ Kh8 28. Ng6+ Kg7 29. Nxf4+ Kf6 30. Nxe2 Re8 31. Kd1 Bh2 32. Rg6+ Ke7 33.
Bf4 Bxf4 34. Nxf4 Rf8 35. Re6+ Kd7 36. Re4 Rg8 37. Ne2 Rg2 38. Rg4 Rf2 39. Be4
h5 40. Rg7+ Kd6 41. Rxb7 Rf1+ 42. Kc2 Rf2 43. Kd2 Rh2 44. c4 Rxh3 45. Bf5 Rxf3
46. Rd7# 1-0

[Event "ENCI Limburg-open C"]
[Site "Maastricht"]
[Date "2012.05.27"]
[Round "5"]
[White "Janssen, Fynn"]
[Black "Kuiper, Adrian"]
[Result "0-1"]
[WhiteElo "935"]
[BlackElo "1569"]
[PlyCount "70"]
[EventDate "2012.05.25"]
[EventType "swiss"]
[EventRounds "7"]
[EventCountry "NED"]
[Source "P.Boonen"]
[SourceDate "2013.01.01"]

1. e4 c5 2. Bc4 e6 3. Nc3 a6 4. a3 d6 5. d3 Nf6 6. Bg5 Nbd7 7. Nf3 Be7 8. h3 b5
9. Ba2 Bb7 10. O-O O-O 11. Qe2 Rc8 12. Nd1 Re8 13. Re1 Qc7 14. c4 bxc4 15. Bxc4
Nb6 16. Nc3 Nxc4 17. dxc4 h6 18. Bh4 Nd7 19. Bxe7 Rxe7 20. Rad1 Rd8 21. Rd2 Nb6
22. b3 Rde8 23. Qd1 Rd7 24. Rd3 Red8 25. Qd2 d5 26. exd5 exd5 27. Rd1 dxc4 28.
bxc4 Rxd3 29. Qxd3 Rxd3 30. Rxd3 Bxf3 31. Rxf3 Nxc4 32. Nd5 Qe5 33. Nc3 Nxa3
34. Re3 Qd4 35. Ne4 Nc2 0-1

[Event "ENCI Limburg-open C"]
[Site "Maastricht"]
[Date "2012.05.27"]
[Round "5"]
[White "Keetman, Sandra"]
[Black "Lambrechts, Anne"]
[Result "1-0"]
[WhiteElo "1372"]
[BlackElo "1410"]
[PlyCount "51"]
[EventDate "2012.05.25"]
[EventType "swiss"]
[EventRounds "7"]
[EventCountry "NED"]
[Source "P.Boonen"]
[SourceDate "2013.01.01"]

1. e4 e5 2. Nf3 Nc6 3. Bc4 Bc5 4. O-O d6 5. h3 Be6 6. Bb3 Nf6 7. d3 h6 8. Be3
Bb6 9. Nc3 O-O 10. Nd5 Bxe3 11. fxe3 a5 12. Nxf6+ Qxf6 13. d4 Bxb3 14. axb3
exd4 15. exd4 Qe7 16. Qd3 Rfe8 17. Rae1 Rad8 18. Qc4 Qd7 19. c3 b6 20. Nh4 g5
21. Nf5 Kh7 22. Ng3 Rf8 23. Nh5 d5 24. exd5 Kg6 25. dxc6 Qc8 26. Nf6 1-0